The history of econometric ideas (Registro nro. 6083)

Detalles MARC
000 -LEADER
fixed length control field 01061 a2200217 4500
001 - CONTROL NUMBER
control field 56995
005 - DATE AND TIME OF LATEST TRANSACTION
control field 20260407155832.0
008 - FIXED-LENGTH DATA ELEMENTS--GENERAL INFORMATION
fixed length control field 260407a1990 arg spa d
003 - CONTROL NUMBER IDENTIFIER
control field AR-UNSa-BCEJYS
040 ## - CATALOGING SOURCE
Original cataloging agency AR-UNSa-BCEJYS
Language of cataloging spa
Transcribing agency AR-UNSa-BCEJYS
080 ## - UNIVERSAL DECIMAL CLASSIFICATION NUMBER
Universal Decimal Classification number 94:33
Common auxiliary subdivision Historia económica
020 ## - INTERNATIONAL STANDARD BOOK NUMBER
International Standard Book Number 0-521-42465-8
100 1# - MAIN ENTRY--PERSONAL NAME
Personal name Morgan, Mary S.
245 10 - TITLE STATEMENT
Title The history of econometric ideas
264 #1 - PRODUCTION, PUBLICATION, DISTRIBUTION, MANUFACTURE, AND COPYRIGHT NOTICE
Place of production, publication, distribution, manufacture Cambridge :
Name of producer, publisher, distributor, manufacturer Cambridge University Press
Date of production, publication, distribution, manufacture, or copyright notice 1990
300 ## - PHYSICAL DESCRIPTION
Extent 296 p.
Dimensions 28 cm.
505 ## - FORMATTED CONTENTS NOTE
Formatted contents note 1. Sunspot and Venus theories of the business cycle – 2. Measuring and representing business cycles – 3. Random shocks enter the business cycle scene – 4. Tinbergen and macrodynamic models – 5. Narrowing the datatheory gap in demand analysis – 6. The evolution of identification questions – 7. Errors-in-variables and errors-in-equations models – 8. Haavelmos probability model
590 ## - LOCAL NOTE (RLIN)
Local note niveau_biblio:m niveau_hierar:0
856 41 - ELECTRONIC LOCATION AND ACCESS
Uniform Resource Identifier <a href="https://biblioeco.unsa.edu.ar/pmb/images/libros/L128635.jpg">https://biblioeco.unsa.edu.ar/pmb/images/libros/L128635.jpg</a>
Link text Imagen de portada
Electronic format type image/jpeg
942 ## - ADDED ENTRY ELEMENTS (KOHA)
Koha item type
Existencias
Withdrawn status Lost status Damaged status Not for loan Home library Current library Shelving location Date acquired Total checkouts Full call number Barcode Date last seen Price effective from Koha item type
        Biblioteca Prof. Eusebio Cleto del Rey Biblioteca Prof. Eusebio Cleto del Rey   07/04/2026   94:33 M847 L128635 07/04/2026 07/04/2026 Libro